Философские вопросы развития науки: социологические и методологические аспекты

Podrobná bibliografie
Hlavní autor: Корниенко А. А. Алла Александровна
Korporace: Философское общество СССР, Томский политехнический институт
Další autoři: Корниенко А. В. Анатолий Васильевич
Shrnutí:В монографии рассматриваются вопросы становления марксистской социологии науки и диалектико-системной методологии социологического исследования. Формируется диалектико-системная социологическая концепция науки, раскрывающая социальную роль и механизм функционирования науки как системы ускорения общественного развития. Для философов, социологов, науковедов и всех интересующихся развитием науки и методами ее исследования
Jazyk:ruština
Vydáno: Томск, Изд-во ТГУ, 1990
Témata:
Médium: MixedMaterials Kniha
KOHA link:https://koha.lib.tpu.ru/cgi-bin/koha/opac-detail.pl?biblionumber=26056

MARC

LEADER 00000nam0a2200000 4500
001 26056
005 20240213163837.0
010 |a 5751100042 
035 |a (RuTPU)RU\TPU\book\26296 
035 |a BOOK00000213 
090 |a 26056 
100 |a 20011209d1990 k y0rusy50 ca 
101 0 |a rus 
102 |a RU 
105 |a y z 001zy 
200 1 |a Философские вопросы развития науки  |e социологические и методологические аспекты  |f А. А. Корниенко, А. А. Корниенко  |g Философское общество СССР; Томский политехнический институт; под ред. В. А. Дмитриенко 
210 |a Томск  |c Изд-во ТГУ  |d 1990 
215 |a 227 с. 
320 |a Библиогр.: с. 222-226 (129 назв.). 
330 |a В монографии рассматриваются вопросы становления марксистской социологии науки и диалектико-системной методологии социологического исследования. Формируется диалектико-системная социологическая концепция науки, раскрывающая социальную роль и механизм функционирования науки как системы ускорения общественного развития. Для философов, социологов, науковедов и всех интересующихся развитием науки и методами ее исследования 
606 1 |a Наука  |x Социологические проблемы  |2 stltpush  |3 (RuTPU)RU\TPU\subj\37731  |9 58570 
610 1 |a философия 
610 1 |a социология 
610 1 |a наука 
610 1 |a методология 
610 1 |a труды учёных ТПУ 
686 |a С55.562  |2 rubbk 
700 1 |a Корниенко  |b А. А.  |c российский философ  |c профессор Томского политехнического университета  |c заведующая кафедрой философии  |f 1941-  |g Алла Александровна  |3 (RuTPU)RU\TPU\pers\21967  |9 9286 
701 1 |a Корниенко  |b А. В.  |c российский ученый в области кибернетики  |c профессор Томского политехнического университета  |f 1938-  |g Анатолий Васильевич  |3 (RuTPU)RU\TPU\pers\21968 
712 0 2 |a Философское общество СССР  |3 (RuTPU)RU\TPU\col\5182 
712 0 2 |a Томский политехнический институт  |3 (RuTPU)RU\TPU\col\1123 
801 0 |a RU  |b 63413507  |c 20011209  |g PSBO 
801 2 |a RU  |b 63413507  |c 20180607  |g PSBO 
942 |c BK